| 000 | 00344nam a2200145Ia 4500 | ||
|---|---|---|---|
| 008 | 230312s9999||||xx |||||||||||||| ||und|| | ||
| 082 |
_a547 _bYOU-O |
||
| 100 | _aM. Younas | ||
| 245 | 0 | _aOrganic Chemistry | |
| 260 |
_bIlmi Kitab Khana _aPakistan _c2005 |
||
| 300 | _a64 | ||
| 546 | _aEng. | ||
| 650 |
_aMedical _vOrganic Chemistry |
||
| 942 | _cBK | ||
| 999 |
_c5962 _d5962 |
||